[Event "Leningrad op"]
[Site "Leningrad"]
[Date "1990.??.??"]
[Round "?"]
[White "Mukhin, Georgy"]
[Black "Labutin, Sergey"]
[Result "0-1"]
[WhiteElo "2425"]
[BlackElo "2360"]
[PlyCount "108"]
[EventDate "1990.??.??"]
[EventType "swiss"]
[EventRounds "11"]
[EventCountry "URS"]
[SourceTitle "CBM 018 Extra"]
[Source "ChessBase"]
[SourceDate "1990.11.01"]
[SourceVersion "1"]
[SourceVersionDate "1990.11.01"]
[SourceQuality "1"]

1. Nf3 c5 2. c4 Nf6 3. Nc3 g6 4. d4 cxd4 5. Nxd4 Bg7 6. e4 d6 7. Be2 0-0 8. Be3 Nc6 9. Nc2 Be6 10. 0-0 Rc8 11. Rc1 a6 12. f3 Nd7 13. Nd5 Bxb2 14. Rb1 Bg7 15. Rxb7 Nc5 16. Rb1 Re8 17. Qd2 Rb8 18. Ncb4 Bd7 19. Nxc6 Bxc6 20. Rfc1 Rxb1 21. Rxb1 e6 22. Nb4 Qc7 23. Nxc6 Qxc6 24. Qa5 Rc8 25. Bf1 Be5 26. Bf2 Kg7 27. Qd2 Rc7 28. Rb4 Rb7 29. a3 Rc7 30. Qe3 Bf6 31. h3 h5 32. Qd2 Be5 33. Qe3 Bf6 34. Qd2 Kh7 35. g4 hxg4 36. hxg4 Bg7 37. Qg5 Qd7 38. Kg2 Kg8 39. Be2 Be5 40. Qh4 Bg7 41. Be3 Bc3 42. Rb8+ Rc8 43. Rb6 Qc7 44. Rb1 Qa5 45. Rh1 Qxa3 46. Qh7+ Kf8 47. Bh6+ Ke8 48. Qg8+ Kd7 49. Qxf7+ Kc6 50. Rd1 Be5 51. Rd2 Rb8 52. f4 Bc3 53. Rd1 Qb2 54. Kf3 Bd4 0-1